[Event "NED-ch59"]
[Site "Leeuwarden"]
[Date "2004.07.01"]
[Round "2"]
[White "Tiviakov, Sergei"]
[Black "Sokolov, Ivan"]
[Result "0-1"]
[WhiteElo "2593"]
[BlackElo "2690"]
[Annotator "Lukacs,P"]
[PlyCount "76"]
[EventDate "2004.06.30"]
[EventType "tourn"]
[EventRounds "9"]
[EventCountry "NED"]
[EventCategory "12"]
[SourceTitle "CBM 102"]
[Source "ChessBase"]
[SourceDate "2004.09.23"]
[SourceVersion "1"]
[SourceVersionDate "2004.09.23"]
[SourceQuality "1"]

1. e4 e5 2. Nf3 Nc6 3. Bc4 Bc5 4. c3 Nf6 5. d3 d6 6. Bb3 h6 7. Nbd2 Be6 {
This plan is not so popular these days.} 8. Bxe6 (8. O-O O-O) 8... fxe6 9. b4
Bb6 10. Nc4 {/\ a4 after which Black can easily find himself with two doubled
pawns, although this is still not the end of the world.} Ne7 11. Qb3 (11. a4 $1
{was the consequent continuation of the plan.} c6 (11... a6 12. Nxb6 cxb6 13.
Qb3 Qd7 14. O-O O-O 15. Be3 $16 {and the weaknesses begin to tell.}) (11... a5
12. Nxb6 cxb6 13. Qb3 Qd7 14. O-O O-O 15. Be3 $16) (11... d5 12. Ncxe5 dxe4 13.
a5 exf3 14. Nxf3 Bxf2+ 15. Kxf2 $14 {with a somewhat better P structure for
White.}) 12. a5 Bc7 13. O-O O-O {is probably the best defence for Black.})
11... Qd7 12. b5 (12. a4 {is again can be met by} c6 13. a5 Bc7 14. O-O O-O 15.
Be3 Ng6 {/\ d5}) 12... O-O 13. O-O Ng6 14. a4 c5 (14... a5 15. Nxb6 cxb6 16.
Be3 $14 {>< b6}) 15. bxc6 (15. a5 {would have led to a more complex game, for
example:} Bc7 16. Re1 {White has to fight against the freeing move d5.} Nh5 {
Black has the standard counterplay on the f <->, the N on f4 can be annoying.}
17. Be3 Nhf4 18. b6 axb6 19. axb6 Rxa1 20. Rxa1 Bb8 21. Qc2 d5 22. Ncd2 (22.
Bxf4 dxc4 23. Be3 cxd3 24. Qb3 Qc6) 22... Qc6 23. g3 Bd6 (23... Qxb6 24. gxf4
exf4 25. Rb1 Qc7 26. Bxc5 Qxc5 27. Rxb7 $16) 24. gxf4 (24. Kh1 Nh5 {/\ Nf6})
24... exf4 25. Bd4 cxd4 26. Nxd4 Qd7 27. N2f3 Bc5 (27... e5 $5 28. Nf5 Bc5 29.
Ra5 dxe4 30. dxe4 Qc6 31. h4 Bxb6 32. Qb3+ Kh8 33. Rd5 Bc7) 28. Qa4 Qd6 $13)
15... bxc6 16. Nxb6 (16. Ba3 c5) 16... axb6 17. Qxb6 Rfb8 18. Qe3 c5 19. a5 {
The a P will fall anyway.} Rb5 20. d4 (20. a6 Rb6 21. d4 cxd4 22. cxd4 Rbxa6
$11) 20... cxd4 21. cxd4 Rbxa5 22. Rxa5 Rxa5 23. dxe5 (23. Bb2 Qb5 24. dxe5
dxe5 {- 23.de}) 23... dxe5 24. Bb2 $6 {White pushes too hard, he had to
realize that the advantage (if there was any) has disappeared.} (24. Ne1 $5) (
24. Qc3 Ra4 25. Qc2 Qb5 26. Re1 $11) 24... Qb5 $1 $15 25. Ra1 $2 {Continuing
the wrong plan.} (25. Bc3 Ra3 26. Qc1 Ra2 $15) 25... Rxa1+ 26. Bxa1 Ng4 $1 $17
{Now the black knights become monsters.} 27. Qe1 Nf4 28. g3 $6 (28. h3 Nd3 $15
{was the lesser evil.}) 28... Nd3 29. Qe2 (29. Qf1 Qc4 $17) 29... Ngxf2 30.
Bxe5 (30. Ne1 Nh3+ 31. Kf1 Qb6 $19) 30... Qb1+ 31. Qf1 Qc2 $19 {and White is
completely helpless against Black's threats.} 32. Ba1 Nxe4 33. Nd4 Qd2 34. Qe2
Qc1+ 35. Kg2 Ne1+ 36. Kf1 Nc2+ 37. Kg2 Ne3+ 38. Kh3 Ng5+ 0-1

[Event "ISR-chT"]
[Site "Ramat Aviv"]
[Date "2000.03.17"]
[Round "6.4"]
[White "Oratovsky, Michael"]
[Black "Lev, Ronen"]
[Result "1-0"]
[WhiteElo "2491"]
[BlackElo "2448"]
[Annotator "Lukacs,P"]
[PlyCount "41"]
[EventDate "2000.01.14"]
[EventType "team"]
[EventRounds "11"]
[EventCountry "ISR"]
[SourceTitle "CBM 077"]
[Source "ChessBase"]
[SourceDate "2000.07.27"]
[SourceVersion "1"]
[SourceVersionDate "2000.07.27"]
[SourceQuality "1"]
[WhiteTeam "Petah Tikva Elitzur"]
[BlackTeam "Herzliya"]
[WhiteTeamCountry "ISR"]
[BlackTeamCountry "ISR"]

1. e4 e5 2. Nf3 Nc6 3. Bc4 Bc5 4. c3 Nf6 5. d3 d6 6. Nbd2 a6 7. Bb3 O-O 8. h3
d5 {The idea of attacking the [+] by d5 even with a loss of a tempo is
interesting.} ({The prophylactic} 8... Ba7 {is the main line.}) 9. exd5 {
This is the consequent try putting pressure on >< e5.} (9. O-O dxe4 (9... d4 {
wants to gain space in the [+], but Black cannot hold >< d4 in the long run.}
10. cxd4 Bxd4 11. Nxd4 Nxd4 12. Nf3 Nxb3 13. Qxb3 Nd7 14. Be3 Qe7 15. Rac1 c6
16. Rfd1 Re8 17. Qc3 $14 {Belikov-Petelin, URS-ch U20 Sochi 1990}) 10. dxe4 Qe7
{/\ Be6. This symmetrical central P formation doesn't pose serious threats for
Black.} 11. Qe2 Be6 12. Re1 g6 13. Ng5 Bd7 14. Nc4 Nh5 15. Nf3 Kg7 16. Qd2 f6
17. Qh6+ Kh8 18. Ne3 Nf4 19. Nd5 Nxd5 20. Nh4 Qg7 21. Bxd5 Rfd8 $11 {
Velicka-Kholmov, Stary Smokovec 1996}) (9. Qe2 h6 10. Nf1 {This is the idea of
8.h3 waiting with castles.} Be6 11. Ng3 Qd7 12. O-O Rfe8 13. exd5 Bxd5 14. Ne4
{(Oratovsky-S.Polgar, Wch U20 Matinhos 1994)} Nxe4 15. dxe4 Bxb3 16. axb3 Rad8
(16... a5 17. Rd1 Qe6) 17. b4 Bb6 $11) 9... Nxd5 10. O-O Ba7 (10... Nf4 {
is the aggressive try.} 11. d4 (11. Ne4 $2 Nxd3) 11... exd4 12. Ne4 Bd6 13.
cxd4 (13. Nxd6 Qxd6 14. cxd4 Be6 {blockading the isolated d P.}) 13... Bf5 14.
Nxd6 Qxd6 15. Ne5 $1 Nxh3+ $5 (15... Ne6 16. Nxc6 bxc6 17. Be3 Be4 18. Re1 $14)
16. gxh3 Nxd4 17. Re1 Rae8 18. Bf4 Bxh3 $44 {with wild complications.}) 11. Ne4
(11. Nc4 Re8 12. Re1 {attacking >< e5 by all means.} f6 13. Ne3 (13. d4 $6 exd4
14. Rxe8+ Qxe8 15. cxd4 (15. Nd6 cxd6 16. Bxd5+ Be6) 15... Be6 {with a strong
blockader on d5.}) 13... Bxe3 {This is the simple solution.} (13... Be6 14.
Nxd5 Bxd5 15. d4 e4 16. Nd2 f5 17. Nc4 Qd7 18. Bf4 $14) 14. Bxe3 (14. fxe3 Be6
15. e4 Nb6 $13) 14... Na5 $1 (14... Be6 15. d4 exd4 16. Nxd4 Nxd4 17. Bxd4 c6
18. Qf3 $14 {^^}) 15. d4 Nxb3 16. axb3 (16. Qxb3 Be6 $1 17. Qxb7 $2 Qd7 $17)
16... exd4 17. Bxd4 Bf5 $11 {with an easy equalization because of the ^-.})
11... Kh8 (11... f5 $6 12. Re1 Kh8 {- 11...Kh8}) 12. Re1 f5 $2 {[%mdl 8192]
Surprisingly enough this hyper-active move will cause Black's fall.} ({The
cold-blooded} 12... f6 {was required.} 13. d4 exd4 14. Nxd4 (14. cxd4 Re8)
14... Nxd4 15. cxd4 Re8 $11) 13. Neg5 $1 $18 {Now White has an irresistable ->.
} f4 (13... Qd6 {is no escape from trouble} 14. d4 $1 e4 (14... exd4 15. Re8 $1
) 15. Ne5 Kg8 16. Qh5 h6 17. Ngf7 Qe6 18. Nxh6+ $1 gxh6 19. Bxh6 $18) (13... h6
14. Nxe5 hxg5 15. Ng6+ Kg8 16. Qf3 $18) 14. Nxe5 Nxe5 15. Rxe5 c6 (15... Bf5
16. Qh5 Bg6 17. Qf3 $18) 16. Qh5 h6 (16... Nf6 17. Nf7+ $18) 17. Nf7+ Rxf7 18.
Qxf7 Bxf2+ 19. Kxf2 Qh4+ 20. Kg1 Bxh3 21. Bxd5 1-0

[Event "Reykjavik Hrokurinn"]
[Site "Reykjavik"]
[Date "2003.02.24"]
[Round "6"]
[White "Macieja, Bartlomiej"]
[Black "Adams, Michael"]
[Result "1/2-1/2"]
[WhiteElo "2629"]
[BlackElo "2734"]
[Annotator "Lukacs,P"]
[PlyCount "56"]
[EventDate "2003.02.18"]
[EventType "tourn"]
[EventRounds "9"]
[EventCountry "ISL"]
[EventCategory "15"]
[SourceTitle "CBM 094"]
[Source "ChessBase"]
[SourceDate "2003.05.26"]
[SourceVersion "1"]
[SourceVersionDate "2003.05.26"]
[SourceQuality "1"]

1. e4 e5 2. Nf3 Nc6 3. Bc4 Bc5 4. c3 Nf6 5. d3 a6 6. h3 Ba7 7. Nbd2 O-O 8. O-O
d6 9. Bb3 Nh5 (9... h6 10. Re1 Nh5 {- Mahjoob-Gyimesi, WchT Yerevan 2001 CBM 86
}) 10. Nxe5 (10. Re1 Nf4 11. Nf1 Qf6 12. d4 (12. Be3 {White has to eliminate
the active B on a7.} Ne7 13. Ng3 (13. Bxa7 Rxa7 14. Ne3 Qg6 15. Kh2 Kh8 16. d4
f5 $13 {with the typical counterplay on the >>, Vratonjic-Flear, GMA-Open
Beograd 1988.}) 13... Be6 $142 (13... Neg6 $2 {falls into} 14. Nh5 $1 $16 {
Lakos-Krupkova, Zanka 1995}) (13... Bxe3 14. fxe3 $5 $14 {drives back the
strong N on f4 and opens the f <->.} (14. Rxe3 {is met by} Neg6 {maintaining
the pressure on the dark squares})) 14. Bxf4 (14. d4 Neg6 $1 15. Bc2 h6 $13 {
and the f4 N remains strong.}) 14... Qxf4 15. d4 {+/=/=}) 12... Re8 (12... h6)
(12... Ne7 13. Ng3 Neg6 $2 {falling into the well-known trap!} 14. Nh5 $1 Qe7 (
14... Nxh5 $2 15. Bg5 $18) 15. Bxf4 Nxf4 16. Nxf4 exf4 {Now White's mighty P 
[+] will soon advance.} 17. Qd2 Qf6 18. e5 dxe5 19. Rxe5 Bd7 20. Rae1 c5 21. d5
Rad8 22. Bc2 Bb8 23. R5e2 g6 24. b3 b5 25. c4 Bc7 26. Bd3 $16 {Tishin-Geller,
Samara 2002}) 13. Ng3 Bd7 $13) (10. Nc4 Qf6 11. Kh2 (11. Ne3 Nf4 (11... Ne7 $2
{(I.Werner-Van der Sterren, Hamburg 1997)} 12. Ng4 $1 {and the Q on f6 is in
trouble again.} Bxg4 13. hxg4 Nf4 14. g5 $1 Qg6 15. g3 $1 $18) (11... Bxe3 12.
Bxe3 Nf4 13. Kh2 h6 14. Ng1 {/\ g3, ^^} g5 {fiercly fighting against f2-f4,
but in vain.} 15. g3 Ng6 16. Qd2 Kh7 17. f4 $14 (17. d4 $6 Na5 $13 {Rabiega-C.
Sandor, GER-chT 1995})) 12. Kh2 (12. Nd5 Nxd5 13. Bxd5 h6 14. Bb3 Ne7 15. Kh1
Ng6 16. Nh2 Kh7 17. Qh5 Be6 18. Ng4 Qh4 $11 {Al Sayed,M-Ovsejevitsch,S/
Calcutta 2002/CBM 88 (20)}) 12... Ne7 $5 (12... Qg6 13. Nh4 Qg5 14. g3 (14. Nf3
Qg6 $11 {is only repetition of moves.}) 14... Bxh3 15. Rh1 Bd7 (15... Bxe3 16.
Bxe3 Be6 17. Kg1 $1 {with a nasty pin.}) 16. Nef5 Bxf5 (16... g6 $2 {loses to}
17. gxf4 $1 Qf6 18. Nh6+ Kh8 19. Kg2 $18 {K.Georgiev-Sack, Antwerp 1997}) 17.
Nxf5 (17. exf5 Bxf2 18. Qf3 Bb6 19. Bd2 Qh5) 17... Qh5+ 18. Qxh5 Nxh5 19. Bg5
g6 (19... h6 $2 20. Bxh6 $1 gxh6 21. Kg2 $16 {and the K is still in danger
despite of the exchange of queens.}) 20. Kg2 Nd8 21. Nh6+ Kg7 22. Nf5+ Kg8 $11
{with only a perpetual check.})) (11. d4 Nf4 12. Bxf4 Qxf4 13. Re1 {- Z.
Almasi-Piket, EU-ch 2nd playoff g15' rapid 2001 CBM 84}) 11... Nf4 12. Be3 (12.
Ng1 {/\ g3, but White's pieces have left the [+].} d5 13. Ne3 dxe4 14. dxe4 Rd8
15. Qf3 Ne7 16. g3 Nd3 17. Rd1 Be6 18. Bxe6 fxe6 {covering >< d5 and f5 the
doubled pawns in the [+] are not bad at all.} 19. Kg2 Qg6 20. Qg4 b5 21. Qxg6
Nxg6 22. b3 a5 23. Kf1 Nc5 24. f3 b4 $15 {Tustanowski-Panczyk, Wisla 1998}) (
12. Ne3 $142 {- 11.Ne3}) 12... b5 13. Na3 {and the N is bad on the edge of the
board.} Ne7 14. Nc2 Kh8 15. a4 bxa4 16. Rxa4 Qh6 17. Ng1 f5 $13 {
Stefanek-Panczyk, Wisla 1998}) 10... Nxe5 11. Qxh5 Nxd3 12. Nf3 Qf6 (12... Nxc1
13. Ng5 $1 {This is the point, but White's -> is enough only for a draw.} h6
14. Nxf7 Nxb3 15. Nxh6+ $142 (15. Nxd8 Nxa1 16. Qd5+ Kh7 17. Ne6 Bxe6 18. Qxe6
Rxf2 19. Rxf2 Rf8 20. e5 Rxf2 21. Kh2 dxe5 22. Qxe5 Nc2 (22... Bb6 $5 23. c4)
23. Qe4+ Kh8 24. Qe8+ {1/2-1/2 Te Llalemand-Sebag, Marsailles 2001}) 15... gxh6
16. Qg6+ $11 {Krayz-Nenashev, Groningen 1994}) 13. Bg5 Qg6 14. Qxg6 hxg6 15.
Rad1 Nc5 16. Bc2 Re8 (16... Bd7 17. e5 Bb5 18. Rfe1 dxe5 19. Be7 Rfe8 20. Bxc5
(20. Rxe5 Ne6 21. Bh4 $11) 20... Bxc5 21. a4 ({The light-hearted} 21. Bb3 $2 {
is punished by} e4 22. Ng5 e3 23. fxe3 Bxe3+ 24. Rxe3 Rxe3 25. Bxf7+ Kf8 26.
Bxg6 Ke7 27. Be4 Rd8 28. Rxd8 Kxd8 29. Bxb7 Re1+ 30. Kh2 c6 31. a4 Kc7 32. axb5
Kxb7 33. bxa6+ Kxa6 $15 {Al Sayed-Kayumov, Doha 2003}) 21... Bc4 22. Nxe5 Be6
$11) 17. Rfe1 f6 $11 {Black has evened out comfortably.} (17... Bd7 18. Nd4 a5
19. Kf1 b5 $11 {Krayz-Nenashev, Groningen 1994}) 18. Be3 Be6 19. Nd2 g5 {
gaining control over the dark squares.} 20. Bd4 a5 21. Nb3 (21. a4 g4 22. hxg4
Bxg4 23. f3 Bd7 $11) 21... Bb6 (21... Nxb3 22. Bxa7 Rxa7 23. Bxb3 Bxb3 24. axb3
Ra6 $11) 22. Bxc5 dxc5 {^^} 23. a3 Rad8 24. Rxd8 Rxd8 25. Rd1 Re8 26. Nd2 {
White has to improve his N's position.} c4 27. Nf3 c6 28. Nd4 Kf7 1/2-1/2

[Event "Pune"]
[Site "Pune"]
[Date "2004.09.09"]
[Round "6"]
[White "Kasimdzhanov, Rustam"]
[Black "Sandipan, Chanda"]
[Result "1/2-1/2"]
[WhiteElo "2640"]
[BlackElo "2555"]
[Annotator "Lukacs,P"]
[PlyCount "182"]
[EventDate "2004.09.03"]
[EventType "tourn"]
[EventRounds "9"]
[EventCountry "IND"]
[EventCategory "16"]
[SourceTitle "CBM 104"]
[Source "ChessBase"]
[SourceDate "2005.01.27"]
[SourceVersion "1"]
[SourceVersionDate "2005.01.27"]
[SourceQuality "1"]

1. e4 e5 2. Nf3 Nc6 3. Bc4 Bc5 4. c3 Nf6 5. d3 a6 6. Bb3 d6 7. O-O Ba7 8. Be3 (
8. Nbd2 {/\ h3, Re1, Nf1 is played more frequently.}) 8... O-O 9. Nbd2 Ne7 {
/\ Ng6} (9... Bxe3 10. fxe3) 10. Bxa7 (10. h3 {is rather useless now.} Ng6 11.
Re1 h6 12. Nf1 Re8 13. Ng3 Be6 $11 {with an almost total symmetry,
Esplana-Mannion, Bled 2002.}) (10. Nh4 $5 {fighting against Ng6 deserves
attention.} Bxe3 (10... Kh8 $6 {loks too slow.} 11. Bxa7 Rxa7 12. f4 $36 {
Now White grabs the |^ on the >>.} exf4 (12... Ng4 13. Qf3 $16) 13. Rxf4 $14 {
Tiviakov-Golod, Saint Vincent 2003}) (10... h6 $6 {is not logical at all.} 11.
Bxa7 Rxa7 12. f4 $16 {Cabrera-Rizouk, Malaga 2003}) (10... Ng6 11. Nxg6 hxg6
12. Bxa7 Rxa7 13. f4 exf4 (13... Nh5 $6 {The N has no real perspectives here.}
14. fxe5 dxe5 15. Nf3 Qe7 16. Qd2 Be6 17. Bxe6 (17. Bc2 {The B is simply
passive here.} Bg4 18. d4 Bxf3 19. Rxf3 c5 20. dxe5 Qxe5 $11 {Fedorov-Gyimesi,
Rabac 2003}) 17... Qxe6 18. Qe3 Raa8 19. d4 $16 {and White takes over the [+].}
) 14. Rxf4 Qe7 15. Rf1 Be6 16. Nf3 $14 {with some pressure in the [+] and the
f <->.}) (10... c6 11. Bxa7 Rxa7 12. f4 Ng6 13. Nxg6 hxg6 14. fxe5 dxe5 15. Nf3
$14 {Tiviakov-De Vreugt, Dieren 2003}) 11. fxe3 Ng6 (11... Be6 $5) 12. Nf5 (12.
Nxg6 $14) 12... c6 13. d4 $14 {Barua-Sasikiran, Nagpur 2002}) 10... Rxa7 11. d4
(11. Nh4 {is now answered by the forceful} g5 $1 $132) (11. Re1 Ng6 12. Nf1 c5
13. d4 b5 {with Ruy Lopez motifs...} 14. a4 Rd7 15. axb5 axb5 16. d5 {In this
case the exchange of the dark-squared B helps for Black.} Qb6 17. Bc2 Ra7 18.
Rxa7 Qxa7 $15 {and White's bad B remains, Miroshnichenko-Socko, Barlinek 2002.}
) 11... Ng6 12. Re1 Ra8 13. Nf1 exd4 $5 {This is the last chance for changing
the P structure in the [+].} (13... Re8 14. Ng3 $14 {and the e4 P is
overprotected.}) 14. cxd4 d5 15. e5 $142 (15. exd5 Nf4 $11 {/\ N4d5} (15...
Nxd5 {and in both cases Black can blockade the isolated P.})) 15... Ne4 16. Ng3
(16. Bc2 {is the flexible way.} Bf5 (16... Ng5 17. Ne3) 17. Ne3 $14) 16... Nxg3
17. hxg3 Bg4 18. Qd2 f6 19. Nh2 $5 (19. exf6 Rxf6 (19... Bxf3 20. fxg7 $1 Kxg7
21. gxf3 Rxf3 22. Re6 $16) 20. Ne5 $14) 19... Be6 20. Bc2 fxe5 $6 {Now White
gets the vital e5 square.} (20... f5 $5 {closes the position, but the passive
B on e6 will cause a lot of headache in the _|_.} 21. Nf3 $14 (21. f4 b6 (21...
Qe7 22. Nf3) 22. Nf3 Qe7 23. Rac1 $14)) (20... Ne7 21. Nf3 $14) 21. Bxg6 $1
hxg6 22. Rxe5 Qd6 23. Rae1 Bd7 (23... Bf5 24. Nf3 $16) 24. Nf3 Rae8 25. Qg5
Rxe5 26. dxe5 {White changes the P structure for some attacking chances.} (26.
Nxe5 $5) 26... Qb6 27. e6 $5 (27. Qh4 $16 {/\ Ng5}) 27... Bxe6 28. Qxg6 Bf5 29.
Qxb6 cxb6 30. Nd4 $16 {[%mdl 4096] The _|_ is ideal for White, his strong
blockading N dominates over the "bad" B, and Black's double pawns on the <<
cannot be mobilized.} Bd7 31. Re5 {Now Black gets some counterplay, since the
the R can penetrate on the c <->.} (31. Rc1 Re8 32. f3 {allows} Re3 {/\ Rd3}) (
31. f3 $1 Rc8 32. Kf2 $16 {neutralizing Black's pressure on the c <-> looked
more logical.}) 31... Rc8 $1 32. Rxd5 Rc1+ 33. Kh2 Bc6 {Now Black's B is alive
again, and after exchanging it a R _|_ arises which is usually difficult to
win.} 34. Rd6 b5 35. a3 $1 {fixing the pawns on the colour of the B.} (35. f4
b4 36. g4 Ra1 (36... Rd1 $4 37. Rd8+ Kh7 38. Nxc6) 37. Nxc6 bxc6 38. a3 bxa3
39. bxa3 Rxa3 40. Rxc6 a5 $14) 35... Rb1 36. b4 Ra1 37. Nxc6 bxc6 38. Rd3 Kf7 (
38... Rc1 39. Rd8+ Kf7 40. Ra8) 39. Rc3 (39. f4 $5 {deserved attention.} Ke6 (
39... Rc1 40. Rd7+ Kf6 41. Ra7) 40. g4) 39... Ke7 {[#]} 40. Rxc6 $2 (40. f4 $1
{again was worthy of consideration.} Kd6 41. g4 c5 $5 (41... a5 42. bxa5 c5 43.
a6 Re1 44. f5 Re4 45. g5 Ra4 46. Re3) 42. bxc5+ Kc6 43. f5 a5 (43... Rf1 44.
Rf3 $1 $18) 44. g5 b4 (44... Rf1 45. Rf3 $18) 45. axb4 axb4 46. Rf3 Kxc5 47. f6
$18) 40... Rxa3 41. g4 Ra4 42. Kg3 Kf7 43. Kh4 Rxb4 44. Rxa6 Rb2 {This _|_ is
drawish, Black's o^ is strong.} 45. f4 Rxg2 46. Kg5 Rc2 47. Rb6 Rc5+ 48. f5 b4
$1 49. Rxb4 Ra5 $11 {This is a theoretical draw.} 50. Rb8 (50. Rb7+ Kf8 51. Kg6
Ra6+ $11) 50... Rc5 51. Ra8 Rb5 52. Rc8 Ra5 53. Rd8 Rb5 54. Ra8 Rc5 55. Ra6 Rb5
56. Rc6 Ra5 57. Kh5 Rb5 58. Re6 Ra5 59. Kg5 Rb5 60. Kf4 Rb1 61. Ra6 (61. g5
Rf1+ 62. Kg4 Rg1+ $11) 61... Rb4+ 62. Kg5 Rb5 63. Kh5 Rc5 64. Ra7+ Kg8 65. Rd7
Ra5 66. Kh4 Rb5 67. Kg3 Rb3+ 68. Kf4 Rb6 $6 (68... Rb4+ $142 $1 69. Kg5 Rb6 70.
Kh5 Rh6+ 71. Kg5 Rb6 $11) 69. Kf3 (69. g5 $5 Rb1 $1 {This is the best defence
against Kh5-g6.} (69... Kf8 $2 70. Kg4 $1 {If the white K reaches h5
threatening Kg6 the position is lost.} (70. Ra7 $2 Rb1 $1 71. Kg4 Rh1 $1 $11)
70... Kg8 (70... Rb1 {is already late:} 71. Kh5 $1 $18) 71. Ra7 Kf8 (71... Rb5
72. Ra8+ Kf7 73. g6+ Ke7 (73... Kf6 74. Rf8+ Ke5 75. f6 $1 $18) 74. Rg8 Kf6 75.
Rf8+ Ke5 76. f6 $1 $18) 72. Kh5 Rc6 (72... g6+ 73. Kh6 $1 $18) 73. Ra8+ (73. g6
$2 Rc1 $1 $11) 73... Ke7 (73... Kf7 74. g6+ Ke7 75. Rg8 Kf6 76. Rf8+ Ke5 77. f6
$1 Rxf6 78. Rf7 $1 Ke6 (78... Rf5+ 79. Kg4 $1) 79. Rxg7 Rf8 (79... Rf1 80. Ra7
$18) 80. Kh6 Kf6 81. Kh7 $18) 74. f6+ $5 {This is not the only win.} (74. Rh8
Ra6 75. f6+ $1 gxf6 76. g6 Ra1 77. g7 Rh1+ 78. Kg6 Rg1+ 79. Kh7 Rh1+ 80. Kg8
Rg1 81. Rh5 Rg2 82. Kh8 Kf7 83. Rh7 $18) 74... gxf6 75. g6 Rc1 76. g7 Rh1+ 77.
Kg6 Rg1+ 78. Kh7 Rh1+ 79. Kg8 f5 (79... Rb1 80. Ra2 f5 81. Ra6 $1 {/\ Kh7} Rg1
(81... f4 82. Kh7 $18) 82. Kh7 Kf7 (82... Rh1+ 83. Rh6 $18) 83. g8=Q+ $1 $18)
80. Ra7+ Ke8 (80... Ke6 81. Kf8 $18) 81. Ra5 $18) 70. Kg4 Rh1 $1 $11) 69...
Rb3+ 70. Ke4 Rb4+ 71. Rd4 Rb1 72. g5 Kf7 73. Rd7+ Kf8 74. Kf4 Rf1+ 75. Kg4 Rh1
$1 {This is the only move!} (75... Ra1 $2 {allows} 76. Kh5 $1 {with a win, see
before.}) 76. Ra7 Kg8 77. Ra8+ Kf7 78. Ra7+ Kg8 79. Ra8+ (79. g6 Kf8 $11) 79...
Kf7 80. g6+ Ke7 (80... Kf6 $5 81. Rf8+ (81. Ra6+ Ke7 82. Ra7+ Kf8 {- 80...Ke7})
81... Ke5 82. Rf7 Ra1 $11) 81. Ra7+ Kf8 82. Ra8+ Ke7 83. Rg8 Rg1+ 84. Kf4 Rf1+
85. Ke4 Re1+ 86. Kd4 Kf6 87. Rf8+ Kg5 88. Kd5 Re2 89. Kd6 Re1 90. Rf7 Re2 91.
Re7 Rf2 1/2-1/2